000 00773nam a22002417a 4500
003 BCEG
005 20260129125803.0
008 260129s1972 mx |||||||||||||||||spa d
020 _a9683901689
040 _aBCEG
_bspa
_cBCEG
082 0 4 _a907.209
_bO771d
100 1 _aOrtega y Medina, Juan Antonio,
_d1913-1992.
245 1 0 _aDestino manifiesto
_b: sus razones históricas y su raíz teológica.
260 _aMéxico :
_bPatria : Alianza : Consejo Nacional para la Cultura y las Artes,
_c1989.
300 _a154 p.
490 _aLos Noventa ;
_v8.
500 _aCon firma de la donante: Célica Canovas.
504 _aIncluye bibliografía.
541 _aDonación.
651 _aEstados Unidos
_xHistoria.
651 _aHispanoamerica
_xHistoria.
942 _cBK
999 _c437068
_d437068